00884 a2200205 4500003000500000005001700005040000900022082001600031100004200047245012800089260003300217300001200250505016900262650002300431651001900454700004500473942001200518999001900530952012900549NUST20251111190454.0 cNust a621.382,RAS aRasheed, GC Farhan, (TCC-10)9131822 aSpread spectrum transceiver /cGC Farhan Rasheed, GC Wajahat Jamil & GC Omer Cheema, GC Kashif Bashir and GC Yousaf Javed.  aRawalpindibMCS (NUST)c2002 a113 p.; aSpread Spectrum (Page-1), RF Design (Page-39), Block Diagram (page-62), Modules (Page-69), Software (Page-970, Problems Faced and Suggestions for Future (Page-109). aUG Projects998716 aTCC-109131808 aSupervised by Lt Col Raja Iqbal 9131785 cPR2ddc c188625d188625 00102ddc4070aMCSbMCScREFd2016-12-12o621.382, RASpMCSPTC-39r2016-12-08w2016-12-12yPRzAlmirah No. 94, Shelf No. 1